000 00312 a2200145 4500
001 48391
020 _a9788526014664
040 _cAnchieta - Bela Vista
100 _aLang, Andrew
240 1 0 _aA irmã do sol
_lpor
245 1 0 _aA irmã do sol
362 0 _a2010
650 4 _aLiteratura juvenil
942 _cBK
999 _c48391
_d48391